Puraha : yōroppa no chūshin ni kagayaku shuhō /

Hlavní autor: Henn, Ivan
Další autoři: Pinta, Daniel, 1979-
Jazyk: Japonština
Vydáno: Puraha : Danieru Pinta, 2015
Témata:
Fyzický popis: 135 stran : barevné ilustrace, mapy ; 22 cm
Knihy
Uloženo v:
LEADER 02074nam a2200565 i 4500
001 nkc20193093695
003 CZ PrNK
005 20190715102115.0
007 ta
008 190506s2015 xr ab e f 000 0 jpno
015 |a cnb003093695 
020 |a 978-80-7528-029-9  |q (brožováno) 
035 |a (OCoLC)1104142829 
040 |a ABA001  |b cze  |e rda 
043 |a e-xr---  |b e-xr-pg  |2 czenas 
072 7 |a 72  |x Architektura  |2 Konspekt  |9 21 
080 |a 72:904  |2 MRF 
080 |a 913:338.483.1  |2 MRF 
080 |a 94(437.311)  |2 MRF 
080 |a (437.311)  |2 MRF 
080 |a (036)  |2 MRF 
080 |a (084.12)  |2 MRF 
100 1 |a Henn, Ivan  |7 jo2015893004  |4 aut 
242 0 0 |a Praha :  |b třpytivý klenot ve středu Evropy  |y cze 
245 1 0 |a Puraha :  |b yōroppa no chūshin ni kagayaku shuhō /  |c bun: Ivan Hen ; shashin: Danieru Pinta 
246 1 8 |a Puraha - yōroppa no chūshin ni kagayaku shuhō 
264 1 |a Puraha :  |b Danieru Pinta,  |c 2015 
300 |a 135 stran :  |b barevné ilustrace, mapy ;  |c 22 cm 
336 |a text  |b txt  |2 rdacontent 
336 |a statický obraz  |b sti  |2 rdacontent 
337 |a bez média  |b n  |2 rdamedia 
338 |a svazek  |b nc  |2 rdacarrier 
650 0 7 |a architektonické památky  |7 ph118585  |z Česko  |2 czenas 
650 0 7 |a turistické zajímavosti  |7 ph126800  |z Česko  |2 czenas 
650 0 9 |a architectural monuments  |z Czechia  |2 eczenas 
650 0 9 |a tourist sights  |z Czechia  |2 eczenas 
651 7 |a Praha (Česko)  |7 ge118011  |2 czenas 
651 7 |a Praha (Česko)  |7 ge118011  |x dějiny  |2 czenas 
651 9 |a Prague (Czechia)  |2 eczenas 
651 9 |a Prague (Czechia)  |x history  |2 eczenas 
655 7 |a informační publikace  |7 fd132454  |2 czenas 
655 7 |a fotografické publikace  |7 fd132276  |2 czenas 
655 9 |a information publications  |2 eczenas 
655 9 |a photographical works  |2 eczenas 
700 1 |a Pinta, Daniel,  |d 1979-  |7 jo2015892999  |4 pht 
910 2 |a BOA001  |b 2-1430.391 
928 9 |a Daniel Pinta 
990 |a BK 
995 |a 01 
996 6 |b 2610787888  |c 2-1430.391  |l MZK  |r Sklad / do 1 hodiny  |n 0  |p p.v.  |w 001732393  |u 000010  |a 1  |e BOA001  |j MZK50  |s P